[Event "SWE-chT 2324 Elite"]
[Site "Sweden"]
[Date "2023.10.15"]
[Round "3.4"]
[White "Pantzar, Milton"]
[Black "Torngren, Gustav"]
[Result "1-0"]
[WhiteElo "2453"]
[BlackElo "2306"]
[PlyCount "85"]
[EventDate "2023.10.13"]
[EventType "team-tourn"]
[EventRounds "9"]
[EventCountry "SWE"]
[SourceTitle "Mega2024 Update 01"]
[Source "Chessbase"]
[SourceDate "2023.11.12"]
[SourceVersion "1"]
[SourceVersionDate "2023.11.12"]
[SourceQuality "1"]
[WhiteTeam "Lunds"]
[BlackTeam "Orgryte"]
[WhiteTeamCountry "SWE"]
[BlackTeamCountry "SWE"]

1. d4 Nf6 2. Nf3 e6 3. c4 a6 4. Nc3 d5 5. c5 Nc6 6. Bf4 Ne4 7. h3 g5 8. Bh2 Bg7 9. e3 h5 10. Nxe4 dxe4 11. Nd2 e5 12. dxe5 Bf5 13. Qa4 Qd5 14. Nb3 Rd8 15. Be2 0-0 16. Rd1 Qe6 17. Nd4 Nxd4 18. exd4 h4 19. 0-0 g4 20. hxg4 Bxg4 21. Bxg4 Qxg4 22. Qb3 Rfe8 23. Rfe1 Re6 24. Qh3 Qh5 25. g4 Qg5 26. d5 Rg6 27. Rxe4 f5 28. exf6 Bxf6 29. Bxc7 Rd7 30. Bd6 Kh7 31. Kh2 Bxb2 32. Bf4 Qxg4 33. Qxg4 Rxg4 34. Kh3 Rg6 35. Kxh4 Kg8 36. Bg5 Bf6 37. f4 Rh7+ 38. Kg4 Rhg7 39. Re6 Kf7 40. Kf5 Rxg5+ 41. fxg5 Rxg5+ 42. Kf4 Rg2 43. Rb6 1-0

[Event "Rilton Cup 50th"]
[Site "Stockholm"]
[Date "2023.01.05"]
[Round "9"]
[White "Katkov, Michelle"]
[Black "Torngren, Gustav"]
[Result "0-1"]
[WhiteElo "2220"]
[BlackElo "2275"]
[PlyCount "76"]
[EventDate "2022.12.27"]
[EventType "swiss"]
[EventRounds "9"]
[EventCountry "SWE"]
[SourceTitle "CBM 212 Extra"]
[Source "ChessBase"]
[SourceDate "2023.03.31"]
[SourceVersion "1"]
[SourceVersionDate "2023.03.31"]
[SourceQuality "1"]

1. e4 c6 2. Nf3 d5 3. d3 g6 4. Qe2 Bg7 5. g3 Bg4 6. Bg2 e6 7. 0-0 Ne7 8. Nbd2 Nd7 9. h3 Bxf3 10. Nxf3 0-0 11. e5 a5 12. d4 a4 13. Bg5 h6 14. Be3 Nf5 15. g4 Nxe3 16. Qxe3 c5 17. c3 Qb6 18. Qd2 cxd4 19. cxd4 Nb8 20. Rfd1 Nc6 21. Kh1 Rfc8 22. Rac1 Nb4 23. Rxc8+ Rxc8 24. a3 Na2 25. Bf1 Qb3 26. Bd3 Bf8 27. Kg2 b5 28. Bb1 b4 29. Bxa2 Qxa2 30. axb4 Qb3 31. Rc1 Rc4 32. h4 Kg7 33. Qd1 Qxb4 34. Ra1 Be7 35. Kg3 Qxb2 36. Rxa4 Rc1 37. Qd3 Rc3 38. Qd1 Bxh4+ 0-1

[Event "Rilton Cup 50th"]
[Site "Stockholm"]
[Date "2022.12.30"]
[Round "4"]
[White "Torngren, Gustav"]
[Black "Grahn, Vidar"]
[Result "1-0"]
[WhiteElo "2275"]
[BlackElo "1980"]
[PlyCount "45"]
[EventDate "2022.12.27"]
[EventType "swiss"]
[EventRounds "9"]
[EventCountry "SWE"]
[SourceTitle "CBM 212 Extra"]
[Source "ChessBase"]
[SourceDate "2023.03.31"]
[SourceVersion "1"]
[SourceVersionDate "2023.03.31"]
[SourceQuality "1"]

1. e4 c5 2. Nf3 e6 3. b3 b6 4. Bb2 Bb7 5. Bd3 d6 6. 0-0 Nc6 7. Re1 Nf6 8. Bf1 a6 9. d3 Be7 10. Nbd2 b5 11. Qe2 e5 12. c3 h5 13. d4 h4 14. a4 bxa4 15. Rxa4 Nh5 16. Nc4 Nf4 17. Qe3 Bg5 18. Nxg5 Qxg5 19. Nxd6+ Kf8 20. Nxb7 Rh6 21. Nxc5 Rd8 22. Nd3 Rdd6 23. Ba3 1-0

[Event "EU-ch U18 30th"]
[Site "Antalya"]
[Date "2022.11.13"]
[Round "8"]
[White "Ochedzan, Tymon"]
[Black "Torngren, Gustav"]
[Result "1-0"]
[WhiteElo "2209"]
[BlackElo "2285"]
[PlyCount "65"]
[EventDate "2022.11.06"]
[EventType "swiss"]
[EventRounds "9"]
[EventCountry "TUR"]
[SourceTitle "EXT 2024"]
[Source "ChessBase"]
[SourceDate "2023.10.10"]
[SourceVersion "1"]
[SourceVersionDate "2023.10.10"]
[SourceQuality "1"]

1. e4 e5 2. Nf3 Nc6 3. Bb5 a6 4. Ba4 b5 5. Bb3 Na5 6. 0-0 d6 7. d4 Nxb3 8. axb3 f6 9. Nc3 Bb7 10. Qd3 Ne7 11. Rd1 Qc8 12. dxe5 dxe5 13. Be3 c6 14. Nh4 Qc7 15. Bc5 Bc8 16. Qe3 g5 17. Nf5 Bxf5 18. exf5 Kf7 19. Ne4 Nd5 20. Qf3 h5 21. c4 Nf4 22. Bd6 Bxd6 23. Rxd6 Kg7 24. g3 g4 25. Qe3 Nh3+ 26. Kg2 Rhd8 27. Rxf6 Nf4+ 28. gxf4 exf4 29. Rg6+ Kf7 30. Ng5+ Kf8 31. Qc5+ Ke8 32. Re1+ Qe7 33. Qxe7# 1-0

[Event "Uppsala Young Champions 9th"]
[Site "Uppsala"]
[Date "2022.11.02"]
[Round "9"]
[White "Torngren, Gustav"]
[Black "Sonis, Francesco"]
[Result "1/2-1/2"]
[WhiteElo "2280"]
[BlackElo "2531"]
[PlyCount "43"]
[EventDate "2022.10.28"]
[EventType "swiss"]
[EventRounds "9"]
[EventCountry "SWE"]
[SourceTitle "EXT 2024"]
[Source "ChessBase"]
[SourceDate "2023.10.10"]
[SourceVersion "1"]
[SourceVersionDate "2023.10.10"]
[SourceQuality "1"]

1. d4 Nf6 2. c4 e6 3. Nf3 b6 4. g3 Ba6 5. Qc2 c5 6. d5 exd5 7. cxd5 Bb7 8. Bg2 Nxd5 9. 0-0 Nc6 10. Rd1 Be7 11. Qb3 Na5 12. Qa4 Nf6 13. Nc3 0-0 14. e4 d6 15. Bf4 Qe8 16. Qc2 Nc6 17. Re1 Qc8 18. Rad1 Rd8 19. Nb5 Ne8 20. Nc3 Nf6 21. Nb5 Ne8 22. Nc3 1/2-1/2

[Event "Wch U18"]
[Site "Mamaia"]
[Date "2022.09.14"]
[Round "9"]
[White "Torngren, Gustav"]
[Black "Gines Esteo, Pedro Antonio"]
[Result "0-1"]
[WhiteElo "2235"]
[BlackElo "2505"]
[PlyCount "110"]
[EventDate "2022.09.06"]
[EventType "swiss"]
[EventRounds "11"]
[EventCountry "ROU"]
[SourceTitle "CBM 210 Extra"]
[Source "ChessBase"]
[SourceDate "2022.11.30"]
[SourceVersion "1"]
[SourceVersionDate "2022.11.30"]
[SourceQuality "1"]

1. d4 Nf6 2. c4 e6 3. Nc3 d5 4. Bg5 dxc4 5. e3 Nbd7 6. Bxc4 Be7 7. Nf3 a6 8. a4 0-0 9. 0-0 c5 10. Qe2 cxd4 11. exd4 Nb6 12. Bb3 Bd7 13. Ne5 Bc6 14. Rfd1 Nbd5 15. Rac1 Nb4 16. Nxc6 bxc6 17. Ne4 Nxe4 18. Bxe7 Qxe7 19. Qxe4 Rfd8 20. Rc3 Rd6 21. Rh3 g6 22. Rc1 Rad8 23. Qe3 Qf6 24. Qh6 Qg7 25. Qxg7+ Kxg7 26. Rhc3 Rxd4 27. g3 Rd2 28. Rb1 R8d4 29. Bc4 Kf6 30. Bf1 Ke7 31. b3 Kd6 32. Rbc1 Rd1 33. Rc4 a5 34. Kg2 e5 35. Rxd4+ Rxd4 36. h4 Rd2 37. Bc4 Nd3 38. Rf1 f5 39. Kf3 Nc5 40. Bg8 h6 41. Ke3 Rd3+ 42. Ke2 e4 43. Rb1 Ke5 44. Bc4 Rc3 45. Kd2 Kd4 46. Bf7 Rf3 47. Ke2 Nd3 48. Rf1 g5 49. hxg5 hxg5 50. Be8 c5 51. Bh5 g4 52. Bf7 e3 53. Bc4 Rxf2+ 54. Rxf2 Nxf2 55. Be6 Nh1 0-1

[Event "Wch U18"]
[Site "Mamaia"]
[Date "2022.09.12"]
[Round "7"]
[White "Torngren, Gustav"]
[Black "Pobor, Milo"]
[Result "1-0"]
[WhiteElo "2235"]
[BlackElo "2321"]
[PlyCount "59"]
[EventDate "2022.09.06"]
[EventType "swiss"]
[EventRounds "11"]
[EventCountry "ROU"]
[SourceTitle "CBM 210 Extra"]
[Source "ChessBase"]
[SourceDate "2022.11.30"]
[SourceVersion "1"]
[SourceVersionDate "2022.11.30"]
[SourceQuality "1"]

1. d4 Nf6 2. c4 e6 3. Nf3 d5 4. Nc3 Be7 5. Bg5 h6 6. Bf4 0-0 7. e3 b6 8. g4 Ne4 9. h4 Bb4 10. Qc2 Bb7 11. Rg1 dxc4 12. g5 h5 13. Ne5 Nd7 14. Bxc4 Qe7 15. Bd3 Nd6 16. a3 Bxc3+ 17. bxc3 Nxe5 18. Bxe5 Ne8 19. Bh7+ Kh8 20. Be4 Bxe4 21. Qxe4 Nd6 22. Qf3 Nc4 23. Bf6 Qd7 24. Qxh5+ Kg8 25. Bxg7 Kxg7 26. g6 Rfd8 27. gxf7+ Kf6 28. f8R+ Rxf8 29. Rg6+ Kf7 30. Rh6+ 1-0

[Event "Wch U18"]
[Site "Mamaia"]
[Date "2022.09.11"]
[Round "6"]
[White "Torngren, Gustav"]
[Black "Girel, Joseph"]
[Result "1-0"]
[WhiteElo "2235"]
[BlackElo "2411"]
[PlyCount "59"]
[EventDate "2022.09.06"]
[EventType "swiss"]
[EventRounds "11"]
[EventCountry "ROU"]
[SourceTitle "CBM 210 Extra"]
[Source "ChessBase"]
[SourceDate "2022.11.30"]
[SourceVersion "1"]
[SourceVersionDate "2022.11.30"]
[SourceQuality "1"]

1. Nf3 d5 2. b3 Bg4 3. e3 Nd7 4. h3 Bh5 5. Bb2 e6 6. d3 c6 7. Nbd2 h6 8. g4 Bg6 9. Bg2 Ngf6 10. Qe2 Qc7 11. e4 0-0-0 12. e5 Ng8 13. a3 h5 14. Nh4 Bh7 15. g5 Ne7 16. b4 Ng6 17. Nxg6 Bxg6 18. h4 Kb8 19. 0-0 Be7 20. Rac1 Nb6 21. Bd4 Na4 22. Nb3 c5 23. bxc5 Nxc5 24. Qe3 Rc8 25. Rb1 b6 26. c4 Nxb3 27. Rxb3 Bc5 28. cxd5 exd5 29. Rb5 a6 30. Bxc5 1-0

[Event "Wch U18"]
[Site "Mamaia"]
[Date "2022.09.10"]
[Round "5"]
[White "Garrido Outon, Alex"]
[Black "Torngren, Gustav"]
[Result "1/2-1/2"]
[WhiteElo "2411"]
[BlackElo "2235"]
[PlyCount "81"]
[EventDate "2022.09.06"]
[EventType "swiss"]
[EventRounds "11"]
[EventCountry "ROU"]
[SourceTitle "CBM 210 Extra"]
[Source "ChessBase"]
[SourceDate "2022.11.30"]
[SourceVersion "1"]
[SourceVersionDate "2022.11.30"]
[SourceQuality "1"]

1. e4 g6 2. d4 d6 3. Nc3 c6 4. f4 d5 5. e5 h5 6. Nf3 Bg4 7. h3 Bxf3 8. Qxf3 e6 9. Be3 h4 10. Bd3 Nh6 11. 0-0 Be7 12. Ne2 a5 13. b3 Na6 14. c4 Nb4 15. Bf2 0-0 16. Bb1 a4 17. c5 b6 18. a3 Na6 19. cxb6 axb3 20. Qxb3 Rb8 21. Bxg6 fxg6 22. Qd3 Nf5 23. Qxa6 Rxb6 24. Qd3 Qa8 25. Rfb1 Rxb1+ 26. Qxb1 Qa4 27. Qb7 Qc4 28. Kf1 Nxd4 29. Bxd4 Rxf4+ 30. Kg1 Qxe2 31. Qxe7 Rxd4 32. Rf1 Qe3+ 33. Kh1 Rf4 34. Qxe6+ Kg7 35. Qe7+ Kh6 36. Rxf4 Qc1+ 37. Kh2 Qxf4+ 38. Kg1 Qc1+ 39. Kh2 Qf4+ 40. Kg1 Qc1+ 41. Kh2 1/2-1/2

[Event "Nordic-ch U20 Gp-A"]
[Site "Helsingborg"]
[Date "2022.08.27"]
[Round "4"]
[White "Muntean, Victor"]
[Black "Torngren, Gustav"]
[Result "0-1"]
[WhiteElo "2125"]
[BlackElo "2247"]
[PlyCount "84"]
[EventDate "2022.08.26"]
[EventType "swiss"]
[EventRounds "6"]
[EventCountry "SWE"]
[SourceTitle "CBM 209 Extra"]
[Source "ChessBase"]
[SourceDate "2022.09.30"]
[SourceVersion "1"]
[SourceVersionDate "2022.09.30"]
[SourceQuality "1"]

1. e4 c6 2. d4 d5 3. exd5 cxd5 4. c4 Nf6 5. Nc3 Nc6 6. Nf3 a6 7. cxd5 Nxd5 8. Bc4 Be6 9. Nxd5 Bxd5 10. Bxd5 Qxd5 11. 0-0 g6 12. Bf4 Rd8 13. Be5 f6 14. Bc7 Rd7 15. Bb6 e6 16. Qc2 Kf7 17. Rfe1 Bd6 18. a3 Qb5 19. Bc5 Bxc5 20. dxc5 Qd3 21. Qa4 Rhd8 22. Qh4 g5 23. Qg4 Qf5 24. Qxf5 exf5 25. Kf1 f4 26. Re4 Rd3 27. h4 h6 28. b4 Rb3 29. hxg5 hxg5 30. Re2 Rh8 31. Kg1 g4 32. Nd2 Rb2 33. Rae1 f3 34. gxf3 Nd4 35. Re7+ Kg6 36. Rd1 gxf3 37. Nxf3 Nxf3+ 38. Kg2 Nh4+ 39. Kg1 Rg8 40. Rd3 Kh6+ 41. Rg3 Rd8 42. Rxb7 Rd1+ 0-1

[Event "Riga Tech op 11th"]
[Site "Riga"]
[Date "2022.08.20"]
[Round "8"]
[White "Elmi, Saad Abobaker"]
[Black "Torngren, Gustav"]
[Result "1/2-1/2"]
[WhiteElo "2110"]
[BlackElo "2247"]
[PlyCount "20"]
[EventDate "2022.08.15"]
[EventType "swiss"]
[EventRounds "9"]
[EventCountry "LAT"]
[SourceTitle "CBM 209 Extra"]
[Source "ChessBase"]
[SourceDate "2022.09.30"]
[SourceVersion "1"]
[SourceVersionDate "2022.09.30"]
[SourceQuality "1"]

1. e4 e5 2. Nc3 Nc6 3. Bc4 Nf6 4. d3 Bc5 5. Nf3 a6 6. Nd5 h6 7. 0-0 d6 8. Be3 Bxe3 9. fxe3 Nxd5 10. Bxd5 0-0 1/2-1/2

[Event "Riga Tech op 11th"]
[Site "Riga"]
[Date "2022.08.18"]
[Round "5"]
[White "Torngren, Gustav"]
[Black "Povshednyi, Ivan"]
[Result "1/2-1/2"]
[WhiteElo "2247"]
[BlackElo "2083"]
[PlyCount "45"]
[EventDate "2022.08.15"]
[EventType "swiss"]
[EventRounds "9"]
[EventCountry "LAT"]
[SourceTitle "CBM 209 Extra"]
[Source "ChessBase"]
[SourceDate "2022.09.30"]
[SourceVersion "1"]
[SourceVersionDate "2022.09.30"]
[SourceQuality "1"]

1. c4 Nf6 2. Nc3 e5 3. e3 Bb4 4. Qb3 Bxc3 5. Qxc3 Qe7 6. d3 d5 7. cxd5 Nxd5 8. Qc2 0-0 9. Nf3 c5 10. Be2 Nc6 11. 0-0 Bf5 12. e4 Ndb4 13. Qd1 Bg4 14. a3 Bxf3 15. Bxf3 Na6 16. Be3 Nc7 17. Rc1 Ne6 18. Bg4 Ned4 19. f4 exf4 20. Rxf4 Rad8 21. Qf1 Ne5 22. Rc3 b6 23. Bd1 1/2-1/2

[Event "Riga Tech op 11th"]
[Site "Riga"]
[Date "2022.08.17"]
[Round "4"]
[White "Blomqvist, Erik"]
[Black "Torngren, Gustav"]
[Result "1-0"]
[WhiteElo "2522"]
[BlackElo "2247"]
[PlyCount "81"]
[EventDate "2022.08.15"]
[EventType "swiss"]
[EventRounds "9"]
[EventCountry "LAT"]
[SourceTitle "CBM 209 Extra"]
[Source "ChessBase"]
[SourceDate "2022.09.30"]
[SourceVersion "1"]
[SourceVersionDate "2022.09.30"]
[SourceQuality "1"]

1. e4 e5 2. Nf3 Nf6 3. d3 Nc6 4. g3 Bc5 5. Bg2 d6 6. c3 a6 7. 0-0 0-0 8. b4 Ba7 9. a4 h6 10. h3 Re8 11. Re1 Be6 12. Be3 Bxe3 13. Rxe3 d5 14. exd5 Nxd5 15. Re1 Bf5 16. Ra2 Qd6 17. Rae2 b5 18. d4 e4 19. Nh4 Bh7 20. Bxe4 Rxe4 21. Rxe4 Bxe4 22. Rxe4 g6 23. a5 Nf6 24. Re1 Re8 25. Rxe8+ Nxe8 26. Nd2 Nf6 27. Qf3 Kg7 28. Ng2 Qe6 29. Nf4 Qe1+ 30. Nf1 Nxb4 31. cxb4 Qxb4 32. Qe3 Qxa5 33. Qe5 Qa2 34. Ne3 Qb1+ 35. Kh2 Qe4 36. Qxc7 g5 37. Nfg2 Qf3 38. Qe5 Qxf2 39. Ng4 Qf3 40. d5 Kg6 41. Nf4+ 1-0

[Event "Riga Tech Rapid op"]
[Site "Riga"]
[Date "2022.08.14"]
[Round "4"]
[White "Shahinyan, Vladimir"]
[Black "Torngren, Gustav"]
[Result "1/2-1/2"]
[WhiteElo "1886"]
[BlackElo "2247"]
[PlyCount "115"]
[EventDate "2022.08.14"]
[EventType "swiss (rapid)"]
[EventRounds "9"]
[EventCountry "LAT"]
[SourceTitle "CBM 209 Extra"]
[Source "ChessBase"]
[SourceDate "2022.09.30"]
[SourceVersion "1"]
[SourceVersionDate "2022.09.30"]
[SourceQuality "1"]

1. e4 e5 2. Bc4 Nc6 3. d3 Nf6 4. Nc3 Na5 5. Nge2 Nxc4 6. dxc4 Bc5 7. 0-0 d6 8. h3 Be6 9. Qd3 a5 10. b3 Qd7 11. Be3 Bxe3 12. Qxe3 h6 13. Rad1 b6 14. f4 exf4 15. Nxf4 Qe7 16. e5 dxe5 17. Qxe5 0-0 18. Nxe6 Qxe6 19. Qxe6 fxe6 20. Nb5 Rf7 21. Rfe1 Re8 22. Re5 Nd7 23. Re2 Nc5 24. Re5 Rfe7 25. Rd2 Nd7 26. Re3 Nb8 27. Red3 c6 28. Nd6 Rd8 29. Ne4 Red7 30. Rxd7 Rxd7 31. Rd3 Kf8 32. Kf2 Ke7 33. Rg3 Kf7 34. c5 bxc5 35. Rc3 e5 36. Rxc5 Rd5 37. c4 Rxc5 38. Nxc5 Ke7 39. a3 Kd6 40. b4 axb4 41. axb4 e4 42. Ke3 Ke5 43. g4 g6 44. h4 h5 45. g5 Kf5 46. b5 cxb5 47. cxb5 Kg4 48. Nxe4 Kxh4 49. Kf4 Nd7 50. Nd6 Nb6 51. Nf7 Kh3 52. Ne5 Nd5+ 53. Kf3 Kh4 54. Nf7 Kh3 55. Ne5 Kh4 56. Nf7 Kh3 57. Nd6 Kh4 58. Nf7 1/2-1/2